| 000 | 00656nam a22001931 4500 | ||
|---|---|---|---|
| 999 |
_c57799 _d57799 |
||
| 001 | 4058484 | ||
| 005 | 20201208133113.0 | ||
| 008 | 831212s1963 nyua b 000 0 eng | ||
| 080 | _a539.1 S-67 | ||
| 100 | 1 |
_aSlichter, Charles P. _99866 |
|
| 245 | 0 | 0 |
_aPrinciples of magnetic resonance, _bwith examples from solid state physics. |
| 264 |
_aNew York, _bHarper & Row _c1963. |
||
| 300 |
_a246 p. _billus. _c27 cm. |
||
| 440 | 0 |
_aHarper's physics series _99867 |
|
| 650 | 0 |
_aNuclear magnetic resonance. _99868 |
|
| 653 | _aფიზიკა | ||
| 653 | _aბირთვული მაგნიტური რეზონანსი | ||
| 942 |
_2udc _cBK |
||